[Event "Grande Prairie Trumpeter op"]
[Site "Grande Prairie"]
[Date "2009.01.31"]
[Round "2"]
[White "Fitler, Stan"]
[Black "White, Chris"]
[Result "1/2-1/2"]
[WhiteElo "1402"]
[BlackElo "1847"]
[PlyCount "129"]
[EventDate "2009.01.31"]
[EventType "swiss"]
[EventRounds "5"]
[EventCountry "CAN"]
[SourceTitle "EXT 2011"]
[Source "ChessBase"]
[SourceDate "2010.11.26"]
[SourceVersion "1"]
[SourceVersionDate "2010.11.26"]
[SourceQuality "1"]

1. e4 e6 2. e5 d5 3. d4 c5 4. Bb5+ Nc6 5. Bxc6+ bxc6 6. c3 Ne7 7. Bg5 Qc7 8. Nf3 Ng6 9. Qd2 Ba6 10. h4 h6 11. Be3 cxd4 12. Bxd4 c5 13. Be3 Nxe5 14. Nxe5 Qxe5 15. Kd1 Be7 16. g3 0-0 17. Bf4 Qh5+ 18. Kc2 Qe2 19. Qxe2 Bxe2 20. Nd2 Rac8 21. Rhe1 Bh5 22. Re5 Bg6+ 23. Kd1 Bf6 24. Re3 Rfd8 25. Nf3 d4 26. cxd4 cxd4 27. Rb3 Rc6 28. g4 Rdc8 29. g5 hxg5 30. hxg5 Be7 31. Ne5 Rb6 32. Nxg6 fxg6 33. Rxb6 axb6 34. Rc1 Rxc1+ 35. Kxc1 Kf7 36. a3 Ke8 37. Kd2 Kd7 38. Be5 Bc5 39. Bxg7 Kc6 40. b4 Bd6 41. Kd3 e5 42. Kc4 b5+ 43. Kd3 Kd5 44. f3 Ke6 45. Ke4 Be7 46. Bh6 Bd8 47. Bg7 Bxg5 48. Bxe5 Bc1 49. f4 Bxa3 50. Bxd4 Bxb4 51. Bb2 Be7 52. Be5 g5 53. f5+ Kf7 54. Kd3 b4 55. Kc4 Ke8 56. f6 Bf8 57. Kd3 Kf7 58. Ke4 b3 59. Bb2 Ke6 60. Kf3 Bd6 61. Kg4 Bf4 62. Bc3 Bc1 63. Bd4 b2 64. Bxb2 Bxb2 65. Kxg5 1/2-1/2